000
00314nam a2200109Ia 4500
008
200302s9999 xx 000 0 und d
100
_a
T.Sarita Reddy & Birad Rajaram yajnik
245
_a
Tirumala Tirupati : The Legends And Beyond ....
260
_b
Visual Quest India ( Pvt. Ltd)
260
_c
2005
300
_a
193 P
999
_c
4946
_d
4946